| 000 | 00782nam a2200301Ia 4500 | ||
|---|---|---|---|
| 001 | Z_5585 | ||
| 003 | CHAP | ||
| 008 | 220113s2004 xx 000 0 und d | ||
| 010 | _a168679 | ||
| 020 | _a1-4051-1546-7 | ||
| 040 | _cCHAP | ||
| 082 | _a636.3089 E3 2004 | ||
| 100 |
_aEales, Andrews _9142959 |
||
| 245 |
_aPractical lambing and lamb care : a veterinary guide / _cby Andrews Eales and John Small |
||
| 250 | _a3 rd. ed. | ||
| 260 |
_aOxford : _bBlackwell, _c2004 |
||
| 300 |
_a247 p. : _bilus |
||
| 503 | _ac/e | ||
| 650 |
_aCorderos _xEnfermedades _9142960 |
||
| 650 |
_aGanado lanar _xEnfermedades _945173 |
||
| 700 |
_aI. Small, John _9142961 |
||
| 901 | _a636.3089 E3 2004 | ||
| 902 | _aA | ||
| 910 | _a2004 | ||
| 942 | _c1 | ||
| 942 | _cc1 | ||
| 999 |
_c168679 _d168679 |
||